Sídliskový objekt z doby laténskej v Slepčanoch

Podrobná bibliografia
Hlavný autor: Bátora, Jozef, 1950- (Autor)
Médium: Článok
Jazyk:slovenčina
Fyzický popis:Mp., obr., tab.
ISBN:8088709423
Predmet:

MARC

LEADER 00000nab a2200000 a 4500
001 vtls000750925
003 SK-MaSNL
005 20260304113514.0
008 250429c1999 xo 0 slo
015 |a SNBRA2001/03-09069 
035 |a CLN000102720 
035 |a urn:nbn:sk:snk-ablex 
035 |a (urnnbn)urn:nbn:sk:snk:ar-a04dmg 
035 |a (uuid)88a82e81-1ebf-4883-a499-beb5431b7422 
040 |a SNKBUCL  |b slo  |c SNKBUCL  |e AACR2 
041 0 |a slo 
044 |a xo  |c SK 
080 |a 904(437.6):738"04/14":902  |2 1997 
080 |a 738(437.6):902  |2 1997 
080 |a 902.2(437.6)  |2 1997 
100 1 |a Bátora, Jozef,  |d 1950-  |4 aut  |9 104666 
245 1 0 |a Sídliskový objekt z doby laténskej v Slepčanoch  |c Jozef Bátora 
300 |b Mp., obr., tab. 
504 |a Res. nem. 
650 0 7 |a keramika  |2 snkbucl  |9 3061 
650 0 7 |a archeologické nálezy  |2 SNKPH  |9 4975 
651 7 |a Slepčany (Slovensko)  |2 snkbucl  |9 114773 
655 7 |a články zo zborníkov  |2 snkbucl  |9 166140 
773 0 |t Archeologické výskumy a nálezy na Slovensku v roku 1997  |d Nitra : Archeologický ústav Slovenskej akadémie vied, 1999  |g S. 28  |z 8088709423 
850 |a Slovenská národná knižnica 
852 |a Slovenská národná knižnica 
954 |a odborná, vedecká literatúra pôvodná (slovenská)  |2 lita 
957 |a 407 
958 |a article27 
958 |a SK 
958 |a OND 
958 |a EUIPO 
999 |c 2869707  |d 2871637